000 00644nam a2200241Ia 4500
003 OSt
005 20220918223425.0
006 a|||||r|||| 00| 0
007 ta
008 220917b |||||||| |||| 00| 0 eng d
024 _a222,462
037 _cTextual
040 _aARTS
_cARTS
_beng
041 _2eng
_aeng
082 _aW:17, P4
100 _aEisenstein Zillah
_9145700
245 0 _aAgainst empire
_b Feminisms, racism and the west
260 _aLondon
_bZed books
_c2004
300 _axx, 236p
_ccm.
650 _aPOLITICAL SCIENCE
942 _hW:17, P4
_cTEXL
_2CC
999 _c278392
_d278392